[Event "ch-ISL 2023"]
[Site "Hafnarfjordur ISL"]
[Date "2023.05.25"]
[Round "11.4"]
[White "Ragnarsson, Dagur"]
[Black "Ingvason, Johann"]
[Result "1-0"]
[WhiteTitle "IM"]
[WhiteElo "2346"]
[BlackElo "2076"]
[WhiteFideId "2304058"]
[BlackFideId "2301431"]
[EventDate "2023.05.15"]

1. c4 Nf6 2. Nf3 c6 3. d4 d5 4. Nc3 e6 5. e3 Nbd7 6. Qc2 Bd6 7. Be2 O-O 8. O-O
b6 9. e4 dxe4 10. Nxe4 Nxe4 11. Qxe4 Bb7 12. Bg5 Be7 13. Bd3 g6 14. Bh6 Re8 15.
Rad1 Bf8 16. Bxf8 Rxf8 17. Qf4 Rc8 18. c5 Qf6 19. Qe3 Rfd8 20. b4 a5 21. a3 axb4
22. axb4 Ra8 23. Be4 Qe7 24. Nd2 Nf6 25. Bf3 Nd5 26. Qb3 Ba6 27. Rfe1 Bb5 28.
Ra1 Rxa1 29. Rxa1 bxc5 30. bxc5 Qf6 31. Ne4 Qxd4 32. Rd1 Qg7 33. Nd6 Nc3 34. Rc1
Ne2+ 35. Bxe2 Bxe2 36. Qb6 Ra8 37. Qxc6 Qa1 38. Qe8+ Rxe8 39. Rxa1 Re7 40. c6 h5
41. Ra8+ Kh7 42. Ne8 g5 43. c7 Ba6 44. c8=Q Bxc8 45. Rxc8 Kg6 46. g3 Rd7 47. Kg2
Rd2 48. Rc6 Rd5 49. Nd6 Rd4 50. Nc4 Rd5 51. h3 Kf6 52. Ne3 Ra5 53. Rc7 Rb5 54.
Kf3 Ra5 55. Nc4 Rd5 56. Ke2 Rd4 57. Nd2 Ra4 58. Rc4 Ra5 59. h4 gxh4 60. Rxh4 Kg6
61. Nf3 Ra2+ 62. Kf1 Ra5 63. Kg2 Rb5 64. Rc4 Ra5 65. Nh4+ Kg7 66. f4 Kf6 67. Nf3
Kf5 68. Kh3 Ra1 69. Rc5+ Ke4 70. Ng5+ Kd4 71. Rc7 h4 72. Kxh4 1-0

[Event "ch-ISL 2023"]
[Site "Hafnarfjordur ISL"]
[Date "2023.05.25"]
[Round "11.5"]
[White "Kjartansson, Gudmundur"]
[Black "Thorfinnsson, Bragi"]
[Result "1-0"]
[WhiteTitle "GM"]
[BlackTitle "GM"]
[WhiteElo "2402"]
[BlackElo "2431"]
[WhiteFideId "2301318"]
[BlackFideId "2300958"]
[EventDate "2023.05.15"]

1. d4 Nf6 2. c4 e6 3. Nf3 c5 4. d5 b5 5. e4 Nxe4 6. Bd3 Nd6 7. cxb5 Bb7 8. Nc3
Be7 9. O-O O-O 10. Bf4 a6 11. Qc2 exd5 12. Bxh7+ Kh8 13. Rad1 d4 14. Nxd4 cxd4
15. Rd3 Bg5 16. Rh3 Bh6 17. Rxh6 gxh6 18. Be5+ f6 19. Bxd6 dxc3 20. Qg6 Rg8 21.
Bxg8 Qxg8 22. Qxh6+ Qh7 23. Qf8+ Qg8 24. Qh6+ Qh7 25. Qxf6+ Qg7 26. Qxg7+ Kxg7
27. b6 cxb2 28. Rb1 Nc6 29. Rxb2 Re8 30. f3 Re1+ 31. Kf2 Rd1 32. Bf4 Rd5 33. Rd2
Nb4 34. Rxd5 Bxd5 35. a3 Nd3+ 36. Ke3 Ne1 37. Kf2 Nd3+ 38. Ke3 Ne1 39. Ke2 Nc2
40. Be5+ Kf7 41. Bb2 Ke6 42. Kd2 1-0

[Event "ch-ISL 2023"]
[Site "Hafnarfjordur ISL"]
[Date "2023.05.25"]
[Round "11.6"]
[White "Danielsen, Henrik"]
[Black "Domalchuk-Jonasson, Aleksandr"]
[Result "1/2-1/2"]
[WhiteTitle "GM"]
[BlackTitle "FM"]
[WhiteElo "2501"]
[BlackElo "2338"]
[WhiteFideId "1400185"]
[BlackFideId "14142805"]
[EventDate "2023.05.15"]

1. d4 Nf6 2. Nc3 d5 3. Bf4 e6 4. a3 Bd6 5. e3 O-O 6. Nf3 Bxf4 7. exf4 b6 8. Bd3
c5 9. O-O Ba6 10. Re1 Bxd3 11. Qxd3 Nc6 12. Rad1 cxd4 13. Nb5 Ne4 14. Nbxd4 Nxd4
15. Nxd4 Qf6 16. Qf3 Rac8 17. c3 g6 18. Qg4 h5 19. Qf3 Kg7 20. h3 Rh8 21. Re2
Rc4 22. Rde1 a6 23. g3 b5 24. Kg2 Rcc8 25. Qd3 Rhe8 26. Nf3 Rc7 27. Qe3 Rb8 28.
g4 Rh8 29. g5 Qe7 30. Nd4 Kh7 31. h4 Qd6 32. f3 Nc5 33. Qd2 Rf8 34. Re5 Qd7 35.
Ne2 Qd6 36. Ng3 Nd7 37. R5e2 Rc4 38. Re4 Nc5 39. Re5 Nd7 40. R5e4 Qc6 41. Rd4
Rxd4 42. Qxd4 Kg8 43. Rd1 Nb6 44. Re1 Qc7 45. Qf6 Nd7 46. Qe7 Qd8 47. Qd6 Nb8
48. Rxe6 fxe6 49. Qxe6+ Kg7 50. f5 Qe8 51. Qxd5 Qf7 52. Qe5+ Kh7 53. Nxh5 Nd7
54. fxg6+ Qxg6 55. Qd4 Qxh5 56. Qxd7+ Rf7 57. Qd5 Qg6 58. Kg3 Rf5 59. Qd4 Qe6
60. Qg4 Qd6+ 61. f4 Rd5 62. Qc8 Qe7 63. h5 Qe3+ 64. Kg4 Qe2+ 65. Kh4 Qh2+ 66.
Kg4 Qg2+ 67. Kh4 Qf2+ 68. Kg4 Qg1+ 69. Kh4 Qh2+ 70. Kg4 Qg1+ 71. Kh4 Qe1+ 72.
Kg4 Qe2+ 73. Kh4 Qe7 74. Qxa6 Rd6 75. Qxb5 Qe4 76. Kg4 Qg2+ 77. Kh4 Qh2+ 78. Kg4
Qg2+ 79. Kh4 Qh1+ 80. Kg4 Qd1+ 81. Kh4 Qe1+ 82. Kg4 Qd1+ 83. Kh4 Qe1+ 1/2-1/2